1820 1147 1043 1542 1778 1928 1204 1554 1969 1025 1566 1716 1847 1694 1449 1703 1615 1220 1869 1901 1564 1581 1602 1868 1013 1326 1266 1165 1521 1675 1822 1238 1227 1095 1220 1743 1823 1552 1457 1995 1313 1049 1363 1692 1074 1854 1745 1333 1549 1068 1425 1553 1133 1672 1525 1061 1988 1417 1327 1233 1477 1298 1178 1193 1061 1497 1072 1734 1155 1796 1071 1518 1969 1409 1044 1698 1730 1743 1628 1636 1198 1174 1183 1476 1313 1018 1130 1444 1472 1394 1495 1038 1087 1133 1718 1404 1903 1187 1486 BCNSPRNW ULIB Ver.6.0+V

เปลี่ยนเป็นภาษาไทย

Change to English
 แสดงรายละเอียดบรรณานุกรม
  กลับหน้าหลัก

Brief Record : Get Marc (ISO 2709) : E-mail record : QR code < ปิดหน้าต่าง
LEADER : 00000nam 2200000uu 4500
001    13399121520
003     ULIB
008    020711s2550 th a 000 0 tha d
020    9789748232300
050  4 HV5740^bม686ร
110    มูลนิธิรณรงค์เพื่อการไม่สูบบุหรี่
245    ร้อยคนร้อยความตั้งใจ เพื่อสังคมไทยปลอดบุหรี่ /^cมูลนิธิรณรงค์เพื่อการไม่สูบบุหรี่
260    กรุงเทพฯ :^bมูลนิธิรณรงค์เพื่อการไม่สูบบุหรี่,^c2550
300    131 หน้า
650    บุหรี่
650    รณรงค์^xบุหรี่
945    ^p0^l0^i023351
999    ^aทศพร
รายการนี้ยังไม่มีแท็ก
คุณยังไม่ได้ล็อกอิน คุณสามารถมีกิจกรรมร่วมกับเว็บไซต์ได้ แต่ต้องล็อกอินก่อน ::
  ล็อกอิน

รายการสื่อสารสนเทศ

ลำดับที่ ประเภท เลขเรียก/บาร์โค้ด สถานที่ สถานะ
1. วิทยาศาสตร์การแพทย์ และสุขภาพ
หนังสือสำรอง
สถานะ=หนังสือสำรอง
HV5740 ม686ร ฉ.1 
  Barcode: 023351
ห้องสมุดวิทยาเขตสวรรค์ประชารักษ์
►หนังสือทั่วไป
บนชั้น

รายการใกล้เคียง
    หัวเรื่อง [บุหรี่]

BibComment


ยังไม่เคยถูกคอมเมนท์

คอมเมนท์ทรัพยากรรายการนี้
  คอมเมนท์: ร้อยคนร้อยความตั้..


 Copyright 2026. Bcnsprnw @Library